Datum a čas kvízu
28
Celkem bodů
Celkový počet nahraných bodů na tomto kvízu bez doplňovacích otázek.
5.
Pořadí na kvízu
Konečné umístění týmu na tomto kvízu.
Zaznamenané odpovědi
| # | Otázka | Odpověď | Body | Výsledky |
|---|---|---|---|---|
| 1. | Opravdu kuriózní střet se odeh... | 0 | ||
| 2. | Spor mezi Makedonií a Řeckem o... | 0 | ||
| 3. | O tom, že v Praze vystoupí leg... | 0 | ||
| 4. | Česká národní banka rozhodla o... | 0 | ||
| 5. | Čeští biatlonisté poprvé stříl... | 0 | ||
| 6. | My Češi jsme specialisté na př... | 1 | ||
| 7. | Vozidlo Tatra 57 bylo vyráběno... | 0 | ||
| 8. | Jakou ptačí přezdívku dostal v... | 1 | ||
| 9. | V roce 1976 začala firma Merce... | 1 | ||
| 10. | Sovětský automobil vyšší střed... | 0 |